000 00456nam a2200205Ia 4500
001 084295
003 YMCAF
005 20230512161443.0
008 100717s2002 ||||||||||||||||| ||und|d
024 _a84295
035 _a23755
040 _aYMCAF
_beng
_cIN-KoLT
041 _aeng
082 _a621.382
_bTEL
100 _aHill Associates
245 0 _aTelecommunications-a beginners guide
260 _bTMH
_c2002
300 _a520
942 _2ddc
_cBK
999 _c8689
_d8689